Ramsey/Sleeper architectural graphics standards / (Record no. 5032)

MARC details
000 -LEADER
fixed length control field 01385nac a22003371u 4500
003 - CONTROL NUMBER IDENTIFIER
control field EG-ScBUE
005 - DATE AND TIME OF LATEST TRANSACTION
control field 20221109054503.0
008 - FIXED-LENGTH DATA ELEMENTS--GENERAL INFORMATION
fixed length control field 080914t2000 nyuab f b 001 0ceng d
020 ## - INTERNATIONAL STANDARD BOOK NUMBER
International Standard Book Number 0471348171
020 ## - INTERNATIONAL STANDARD BOOK NUMBER
International Standard Book Number 9780471348177
040 ## - CATALOGING SOURCE
Original cataloging agency EG-ScBUE
Language of cataloging eng
Description conventions rda
Transcribing agency EG-ScBUE
Modifying agency EG-ScBUE
082 04 - DEWEY DECIMAL CLASSIFICATION NUMBER
Classification number 721.0284
Item number RAM
Edition number 22
245 00 - TITLE STATEMENT
Title Ramsey/Sleeper architectural graphics standards /
Statement of responsibility, etc Bruce Bassler, student edition editor ; John Ray Hoke, Jr., FAIA, editor-in-chief, architectural graphic standards.
250 ## - EDITION STATEMENT
Edition statement Student edition.
264 #1 - PUBLICATION, DISTRIBUTION, ETC. (IMPRINT)
Place of publication, distribution, etc New York :
Name of publisher, distributor, etc John Wiley & Sons, Inc.,
Date of publication, distribution, etc [2000]
264 #4 - PUBLICATION, DISTRIBUTION, ETC. (IMPRINT)
Date of publication, distribution, etc c2000
300 ## - PHYSICAL DESCRIPTION
Extent ix, 553 pages :
Other physical details illustrations, maps ;
Dimensions 29 cm
500 ## - GENERAL NOTE
General note An abridgment of the ninth edition.
504 ## - BIBLIOGRAPHY, ETC. NOTE
Bibliography, etc Includes bibliographical references and index.
600 17 - SUBJECT ADDED ENTRY--PERSONAL NAME
Personal name Ramsey, Charles George,‏
Dates associated with a name 1884-1963.
Source of heading or term BUEsh
600 17 - SUBJECT ADDED ENTRY--PERSONAL NAME
Personal name Sleeper, Harold Reeve,‏
Dates associated with a name 1893-1960.
Source of heading or term BUEsh
650 #7 - SUBJECT ADDED ENTRY--TOPICAL TERM
Topical term or geographic name as entry element Building
General subdivision Details
Form subdivision Drawings.
Source of heading or term BUEsh
9 (RLIN) 37733
650 #7 - SUBJECT ADDED ENTRY--TOPICAL TERM
Topical term or geographic name as entry element Building
General subdivision Details
-- Drawings
-- Standards.
Source of heading or term BUEsh
653 ## - INDEX TERM--UNCONTROLLED
Resource For college Engineering, Architecture
655 ## - INDEX TERM--GENRE/FORM
Form subdivision Reading book
9 (RLIN) 34232
700 1# - ADDED ENTRY--PERSONAL NAME
Personal name Hoke, John Ray,
Dates associated with a name 1950-
Relator term editor.
700 1# - ADDED ENTRY--PERSONAL NAME
Personal name Bassler, Bruce L.,
Relator term editor.
856 42 - ELECTRONIC LOCATION AND ACCESS
Materials specified Publisher description
Uniform Resource Identifier <a href="http://www.loc.gov/catdir/description/wiley037/00038203.html">http://www.loc.gov/catdir/description/wiley037/00038203.html</a>
856 42 - ELECTRONIC LOCATION AND ACCESS
Materials specified Table of Contents
Uniform Resource Identifier <a href="http://www.loc.gov/catdir/toc/onix05/00038203.html">http://www.loc.gov/catdir/toc/onix05/00038203.html</a>
942 ## - ADDED ENTRY ELEMENTS (KOHA)
Source of classification or shelving scheme Dewey Decimal Classification
Koha item type Book - Borrowing
Holdings
Withdrawn status Lost status Damaged status Not for loan Home library Current library Shelving location Date acquired Source of acquisition Total Checkouts Total Renewals Full call number Barcode Date last seen Date checked out Price effective from Koha item type Source of classification or shelving scheme Collection code Cost, normal purchase price
        Central Library Central Library Second Floor 09/10/2007 Purchase 3 2 721.0284 RAM 000006195 15/07/2025 06/03/2016 09/10/2007 Book - Borrowing      
        Central Library Central Library Second Floor 14/09/2008 Purchase 5 6 721.0284 RAM 000013854 24/03/2026 24/03/2026 14/09/2008 Book - Borrowing Dewey Decimal Classification    
        Central Library Central Library Second Floor 14/09/2008 Purchase 2 5 721.0284 RAM 000013864 15/07/2025 12/11/2015 14/09/2008 Book - Borrowing Dewey Decimal Classification    
        Central Library Central Library Second Floor 14/09/2008 Purchase     721.0284 RAM NB 000013863 15/07/2025   14/09/2008 NB - Book (Non borrowing) Dewey Decimal Classification    
        Central Library Central Library Second Floor 15/03/2009   3   721.0284 RAM 000015312 15/07/2025 08/10/2017 15/03/2009 Book - Borrowing Dewey Decimal Classification Baccah  
        Central Library Central Library Second Floor 15/03/2009   1   721.0284 RAM 000015313 15/07/2025 06/03/2016 15/03/2009 Book - Borrowing Dewey Decimal Classification Baccah  
        Central Library Central Library Second Floor 15/03/2009   2 1 721.0284 RAM 000015314 15/07/2025 09/04/2015 15/03/2009 Book - Borrowing Dewey Decimal Classification Baccah  
        Central Library Central Library Second Floor 25/06/2009   2 9 721.0284 RAM 000017059 15/07/2025 07/02/2013 25/06/2009 Book - Borrowing Dewey Decimal Classification Alef-Baa 150.00